书目信息 |
| 题名: |
废弃电器电子产品回收处理研究与实践
|
|
| 作者: | ;国家发展和改革委员会资源节约和环境保护司 编 | |
| 分册: | ||
| 出版信息: | 北京 社会科学文献出版社 2012 |
|
| 页数: | 466页 | |
| 开本: | 24cm | |
| 丛书名: | ||
| 单 册: | ||
| 中图分类: | X760.5 | |
| 科图分类: | ||
| 主题词: | 日用电气器具--固体废弃物处理--研究 , 电子产品--固体废弃物处理--研究 | |
| 电子资源: | ||
| ISBN: | 978-7-5097-3258-8 | |
| 000 | 01161nam0 2200253 450 | |
| 001 | 012015000678 | |
| 005 | 20150911082323.00 | |
| 010 | @a978-7-5097-3258-8@dCNY89.00 | |
| 100 | @a20150620d2012 em y0chiy0110 ea | |
| 101 | 0 | @achi |
| 102 | @aCN@b110000 | |
| 105 | @ay z 000yy | |
| 106 | @ar | |
| 200 | 1 | @a废弃电器电子产品回收处理研究与实践@Afei qi dian qi dian zi chan pin hui shou chu li yan jiu yu shi jian@dWaste electrical and electronic products recycling research and practice@f国家发展和改革委员会资源节约和环境保护司编@zeng |
| 210 | @a北京@c社会科学文献出版社@d2012 | |
| 215 | @a466页@d24cm | |
| 330 | @a本书将过去有关研究报告、理论成果汇集删编作了系统回顾,分为政策法规篇、试点示范篇、合作交流篇、专题研究篇、经验借鉴篇。 | |
| 510 | 1 | @aWaste electrical and electronic products recycling research and practice@zeng |
| 606 | 0 | @a日用电气器具@x固体废弃物处理@x研究 |
| 606 | 0 | @a电子产品@x固体废弃物处理@x研究 |
| 690 | @aX760.5@v5 | |
| 711 | 02 | @a国家发展和改革委员会资源节约和环境保护司@Aguo jia fa zhan he gai ge wei yuan hui zi yuan jie yue he huan jing bao hu si@4编 |
| 801 | 0 | @aCN@b碧洲教育@c20150718 |
| 905 | @a10447@f4@dX760.5@e188 | |
| 废弃电器电子产品回收处理研究与实践=Waste electrical and electronic products recycling research and practice/国家发展和改革委员会资源节约和环境保护司编.-北京:社会科学文献出版社,2012 |
| 466页;24cm |
| ISBN 978-7-5097-3258-8:CNY89.00 |
| 本书将过去有关研究报告、理论成果汇集删编作了系统回顾,分为政策法规篇、试点示范篇、合作交流篇、专题研究篇、经验借鉴篇。 |
| ● |
| 相关链接 |
|
|
|
|
正题名:废弃电器电子产品回收处理研究与实践
索取号:X760.5/188
 
预约/预借
| 序号 | 登录号 | 条形码 | 馆藏地/架位号 | 状态 | 备注 |
| 1 | 0848465 | 208484656 | 第二样本阅览室/ [索取号:X760.5/188] | 在馆 | |
| 2 | 0848466 | 208484665 | 第三借阅区/ [索取号:X760.5/188] | 在馆 | |
| 3 | 0848467 | 208484674 | 第三借阅区/ [索取号:X760.5/188] | 在馆 | |
| 4 | 0848468 | 208484683 | 密集书库-物理学院/ [索取号:X760.5/188] | 在馆 |